000 00676nam a2200217 i 4500
001 14334
003 ES-MaACL
005 20230906150757.0
007 t|
008 981214s1998 sp |||| |dspa d
020 _a84-605-7219-6
080 _a37.057(460)
080 _a061.75:929 Pérez Galán, Mariano
245 0 0 _aPor la escuela pública
_b: homenaje a Mariano Pérez Galán.
260 _aMadrid :
_bFundación Educativa y Asistencia, Cives,
_c[1998]
300 _a353 p. ;
_c24 cm.
600 1 4 _aPérez Galán, Mariano-
_vHomenajes.
_990870
650 4 _aEnseñanza pública-
_zEspaña.
_912311
710 2 _aFundación Cives.
_94252
852 _aES-MaACL
_jL-21498
999 _c14334
_d14334